ARRUPE JESUIT UNIVERSITY

CORONAVIRUS -STOP THE SPREAD - CLEAN,DISINFECT,COVER

The art of Africa, (Record no. 119203)

MARC details
000 -LEADER
fixed length control field 00820cam a22002531 4500
001 - CONTROL NUMBER
control field 7022531
003 - CONTROL NUMBER IDENTIFIER
control field ARRUPE
005 - DATE AND TIME OF LATEST TRANSACTION
control field 20131211161224.0
008 - FIXED-LENGTH DATA ELEMENTS--GENERAL INFORMATION
fixed length control field 741105s1958 sa a b 000 0 eng
010 ## - LIBRARY OF CONGRESS CONTROL NUMBER
LC control number 60029684
035 ## - SYSTEM CONTROL NUMBER
System control number (OCoLC)1065923
040 ## - CATALOGING SOURCE
Original cataloging agency DLC
Transcribing agency NBiSU
Modifying agency OCoLC
-- DLC
042 ## - AUTHENTICATION CODE
Authentication code premarc
050 00 - LIBRARY OF CONGRESS CALL NUMBER
Classification number SPC N7380
Item number .B35
082 ## - DEWEY DECIMAL CLASSIFICATION NUMBER
Classification number 709.6
300 ## - PHYSICAL DESCRIPTION
Other physical details illus.
Dimensions 24 cm.
100 1# - MAIN ENTRY--PERSONAL NAME
Personal name Battiss, Walter W.
9 (RLIN) 5505
245 14 - TITLE STATEMENT
Title The art of Africa,
Statement of responsibility, etc by Walter W. Battiss [and others] Edited and arr. by J.W. Grossert, with illus. drawn by the authors and Lucy Jacques-Rosset.
260 ## - PUBLICATION, DISTRIBUTION, ETC. (IMPRINT)
Place of publication, distribution, etc Pietermaritzburg,
Name of publisher, distributor, etc Shuter & Shooter,
Date of publication, distribution, etc 1958.
300 ## - PHYSICAL DESCRIPTION
Extent 140 p.
504 ## - BIBLIOGRAPHY, ETC. NOTE
Bibliography, etc Includes bibliography.
650 #0 - SUBJECT ADDED ENTRY--TOPICAL TERM
Topical term or geographic name as entry element Art, African.
9 (RLIN) 5506
906 ## - LOCAL DATA ELEMENT F, LDF (RLIN)
a 7
b cbc
c oclcrpl
d u
e ncip
f 19
g y-gencatlg
942 ## - ADDED ENTRY ELEMENTS (KOHA)
Source of classification or shelving scheme Library of Congress Classification
Koha item type REFERENCE
Holdings
Withdrawn status Lost status Source of classification or shelving scheme Damaged status Not for loan Home library Current library Shelving location Date acquired Total Checkouts Full call number Barcode Date last seen Price effective from Koha item type
    Library of Congress Classification     ARRUPE LIBRARY ARRUPE LIBRARY Main Collection 11/12/2013   SPC N7380 .B35 464123123 11/12/2013 11/12/2013 REFERENCE

 

Arrupe Library. PO Box MP320 Mt Pleasant, Harare, Zimbabwe
263 242 745411|librarian@aju.ac.zw